| 000 | 00767nam a2200217 i 4500 | ||
|---|---|---|---|
| 001 | 139740 | ||
| 003 | ES-MaACL | ||
| 005 | 20251114152813.0 | ||
| 007 | t| | ||
| 008 | 070214s1965 sp r ||||1| spa d | ||
| 100 | 1 |
_aSchnackenburg, Rudolf. _9104543 |
|
| 245 | 1 | 3 |
_aEl testimonio moral del Nuevo Testamento / _cRudolf Schnackenburg ; versión española de José Manzana. |
| 260 |
_aMadrid : _bRialp, _c1965. |
||
| 300 |
_a338 p. ; _c22 cm. |
||
| 490 | 1 |
_aEnciclopedia de la Ética y Moral Cristianas ; _v7 |
|
| 650 | 4 |
_aMoral bíblica. _9166612 |
|
| 700 | 1 |
_aManzana Martínez de Marañón, José, _d1928-1978 _976193 |
|
| 830 | 0 |
_aEnciclopedia de la Ética y Moral Cristianas ; _v7 _9187151 |
|
| 852 |
_aES-MaACL _jE-696 _bR.56715 |
||
| 999 |
_c139740 _d139740 |
||